The chance #4 [Large Print] / Robyn Carr.
Available copies
- 0 of 1 copy available at LARL/NWRL Consortium.
Current holds
0 current holds with 1 total copy.
View other formats and editions
Show Only Available Copies
| Location | Call Number / Copy Notes | Barcode | Shelving Location | Status | Due Date |
|---|---|---|---|---|---|
| Roseau Public Library | lp CAR (Text) | 35500005371180 | Main | Checked out | 05/13/2026 |
Record details
- ISBN: 9781611291681
- ISBN: 1611291682
- Physical Description: 512 p. (large print) ; 21 cm.
- Edition: Doubleday large print home library ed.
- Publisher: New York : Harlequin Books, 2014.
Content descriptions
| Summary, etc.: | In Thunder Point to recuperate from a gunshot ... Read More |
Search for related items by subject
| Subject: | United States. Federal Bureau of Investigation > Officials and employees > Fiction. Ex-convicts > Fiction. Small cities > Fiction. Fathers and daughters > Fiction. Oregon > Fiction. |
| Genre: | Love stories. Large type books. |
Search for related items by series
| LDR | 01452nam a2200373Ia 4500 | ||
|---|---|---|---|
| 001 | 163925 | ||
| 003 | LARL_NWRL_CONSORTIUM | ||
| 005 | 20200615184721.0 | ||
| 008 | 140307s2014 nyu d 000 f eng d | ||
| 020 | . | ‡a9781611291681 | |
| 020 | . | ‡a1611291682 | |
| 035 | . | ‡a(OCoLC)871688866 | |
| 049 | . | ‡aNRGE | |
| 100 | 1 | . | ‡aCarr, Robyn. ‡0(LARL_NWRL_CONSORTIUM)60624 |
| 245 | 1 | 4. | ‡aThe chance ‡n#4 ‡h[Large Print] / ‡cRobyn Carr. |
| 250 | . | ‡aDoubleday large print home library ed. | |
| 260 | . | ‡aNew York : ‡bHarlequin Books, ‡c2014. | |
| 300 | . | ‡a512 p. (large print) ; ‡c21 cm. | |
| 490 | 0 | . | ‡aThunder Point; ‡v4 |
| 520 | . | ‡aIn Thunder Point to recuperate from a gunshot wound, FBI agent Laine Carrington finds herself falling for Eric Gentry, a reformed criminal who is in town to get to know the daughter he never knew he had. | |
| 610 | 1 | 0. | ‡aUnited States. ‡bFederal Bureau of Investigation ‡xOfficials and employees ‡vFiction. |
| 650 | 0. | ‡aEx-convicts ‡vFiction. ‡0(LARL_NWRL_CONSORTIUM)164874 | |
| 650 | 0. | ‡aSmall cities ‡vFiction. | |
| 650 | 0. | ‡aFathers and daughters ‡vFiction. ‡0(LARL_NWRL_CONSORTIUM)164950 | |
| 651 | 0. | ‡aOregon ‡vFiction. ‡0(LARL_NWRL_CONSORTIUM)166530 | |
| 655 | 7. | ‡aLove stories. ‡2gsafd | |
| 655 | 0. | ‡aLarge type books. | |
| 901 | . | ‡a163925 ‡bOCLC ‡c163925 ‡tbiblio | |

Add to basket
Permalink
Disable Highlighting